Braintree DC & others v SoS Environment, Safeway Stores plc and Bovis Homes Ltd (Record no. 16691)
[ view plain ]
| 000 -LEADER | |
|---|---|
| fixed length control field | 01116cab a2200217 4500 |
| 001 - CONTROL NUMBER | |
| control field | X2539 |
| 008 - FIXED-LENGTH DATA ELEMENTS--GENERAL INFORMATION | |
| fixed length control field | 090401t1995 xxu||||| |||| 00| 0 eng d |
| 035 ## - SYSTEM CONTROL NUMBER | |
| System control number | (Sirsi) u24883 |
| 041 ## - LANGUAGE CODE | |
| Language code of text/sound track or separate title | eng |
| 245 ## - TITLE STATEMENT | |
| Title | Braintree DC & others v SoS Environment, Safeway Stores plc and Bovis Homes Ltd |
| 260 ## - PUBLICATION, DISTRIBUTION, ETC. | |
| Date of publication, distribution, etc. | 1995 |
| 350 ## - PRICE (NR) (BK AM CF MU VM SE) [OBSOLETE] | |
| Price | 0 |
| 490 ## - SERIES STATEMENT | |
| Series statement | New Property Cases |
| Volume/sequential designation | 1995 NPC 152 |
| 520 ## - SUMMARY, ETC. | |
| Summary, etc. | Where an outline planning permission has been granted and an application for detailed consent has been made, details can only be approved for the development permitted by the outline permission. The task of interpreting the outline planning permission is a matter of law for the court. Having thus been determined the question wether the details are within the scope outline permission is a matter of fact and degree for the planning authority (Headnote from journal). NOTE: NO PHOTOCOPYING ALLOWED |
| 650 ## - SUBJECT ADDED ENTRY--TOPICAL TERM | |
| Topical term or geographic name entry element | BRAINTREE DC V SOS ENVIRONMENT SAFEWAY STORES PLC & BOVIS HOMES LTD |
| 650 ## - SUBJECT ADDED ENTRY--TOPICAL TERM | |
| Topical term or geographic name entry element | DETAILED CONSENT |
| 650 ## - SUBJECT ADDED ENTRY--TOPICAL TERM | |
| Topical term or geographic name entry element | PLANNING PERMISSION |
| 690 ## - LOCAL SUBJECT ADDED ENTRY--TOPICAL TERM (OCLC, RLIN) | |
| Topical term or geographic name as entry element | PLANNING LAW AND PRACTICE |
| 942 ## - ADDED ENTRY ELEMENTS (KOHA) | |
| Suppress in OPAC | 0 |
| 948 ## - LOCAL PROCESSING INFORMATION (OCLC); SERIES PART DESIGNATOR (RLIN) | |
| c (OCLC) | 04/03/1997 |
| Withdrawn status | Lost status | Source of classification or shelving scheme | Damaged status | Not for loan | Home library | Current library | Shelving location | Date acquired | Total Checkouts | Full call number | Barcode | Date last seen | Copy number | Price effective from | Koha item type |
|---|---|---|---|---|---|---|---|---|---|---|---|---|---|---|---|
| Dewey Decimal Classification | London | London | Journal article | 14/09/1999 | X2539 | 24883-1001 | 06/08/2019 | 1 | 06/08/2019 | Law report |